Sports Quiz

Random Sports or Football Quiz

Soccer Players Mapped Out II Quiz Stats

 Plays Quiz Updated Jul 20, 2018

Challenge
Share
Tweet
Score 0/20 Timer 10:00
6 Plays Today
% Correct
David Beckham
90.2%
Arjen Robben
85%
Zlatan Ibrahimović
71.8%
Petr Čech
54%
Thierry Henry
47.1%
Ryan Giggs
45.4%
Johan Cruyff
36.1%
José Antonio Reyes
32.3%
Fabio Cannavaro
32.2%
Lukas Podolski
26.7%
% Correct
Patrick Kluivert
25.6%
Davor Šuker
19.5%
Bobby Moore
19.2%
Rudi Völler
18.5%
Didier Deschamps
14.7%
Hakan Şükür
13.1%
Christian Panucci
12%
Dejan Savićević
10.3%
Gheorghe Popescu
7.4%
Anton Polster
5.1%

You're not logged in!

Compare scores with friends on all Sporcle quizzes.
Join for Free
OR
Log In

You Might Also Like...

Show Comments

Extras

Top Quizzes Today


Score Distribution

Your Account Isn't Verified!

In order to create a playlist on Sporcle, you need to verify the email address you used during registration. Go to your Sporcle Settings to finish the process.

Report this User

Report this user for behavior that violates our Community Guidelines.

Details: